The Indian clerk / (Record no. 233334)
[ view plain ]
| 000 -LEADER | |
|---|---|
| fixed length control field | 01391cam a2200325 a 4500 |
| 001 - CONTROL NUMBER | |
| control field | 14755473 |
| 003 - CONTROL NUMBER IDENTIFIER | |
| control field | Nust |
| 005 - DATE AND TIME OF LATEST TRANSACTION | |
| control field | 20180604080333.0 |
| 008 - FIXED-LENGTH DATA ELEMENTS--GENERAL INFORMATION | |
| fixed length control field | 070302s2008 nyu 000 1 eng |
| 010 ## - LIBRARY OF CONGRESS CONTROL NUMBER | |
| LC control number | 2007009061 |
| 020 ## - INTERNATIONAL STANDARD BOOK NUMBER | |
| International Standard Book Number | 9780747596325 (pbk.) |
| Terms of availability | Rs. 916 |
| 035 ## - SYSTEM CONTROL NUMBER | |
| System control number | (OCoLC)ocm85766304 |
| 038 ## - RECORD CONTENT LICENSOR | |
| Staff Name | Arshad |
| 040 ## - CATALOGING SOURCE | |
| Original cataloging agency | DLC |
| Transcribing agency | DLC |
| Modifying agency | BAKER |
| -- | BTCTA |
| -- | C#P |
| -- | YDXCP |
| -- | ZP7 |
| -- | VP@ |
| -- | OCLCQ |
| -- | CQU |
| -- | DLC |
| 050 00 - LIBRARY OF CONGRESS CALL NUMBER | |
| Classification number | PS3562.E2618 |
| Item number | I63 2008 |
| 082 00 - DEWEY DECIMAL CLASSIFICATION NUMBER | |
| Classification number | 813.54 |
| Author Mark | LEA |
| 100 1# - MAIN ENTRY--PERSONAL NAME | |
| Personal name | Leavitt, David, |
| Dates associated with a name | 1961- |
| 9 (RLIN) | 10895 |
| 245 14 - TITLE STATEMENT | |
| Title | The Indian clerk / |
| Statement of responsibility, etc. | David Leavitt. |
| 250 ## - EDITION STATEMENT | |
| Edition statement | 1st U.S. ed. |
| 260 ## - PUBLICATION, DISTRIBUTION, ETC. | |
| Place of publication, distribution, etc. | New York : |
| Name of publisher, distributor, etc. | Bloomsbury : |
| -- | Distributed to the trade by Holtzbrinck Publishers, |
| Date of publication, distribution, etc. | 2007. |
| 300 ## - PHYSICAL DESCRIPTION | |
| Extent | 485 p. ; |
| Dimensions | 25 cm. |
| 600 10 - SUBJECT ADDED ENTRY--PERSONAL NAME | |
| Personal name | Hardy, G. H. |
| Fuller form of name | (Godfrey Harold), |
| Dates associated with a name | 1877-1947 |
| Form subdivision | Fiction. |
| 9 (RLIN) | 10896 |
| 600 10 - SUBJECT ADDED ENTRY--PERSONAL NAME | |
| Personal name | Ramanujan Aiyangar, Srinivasa, |
| Dates associated with a name | 1887-1920 |
| Form subdivision | Fiction. |
| 9 (RLIN) | 10897 |
| 650 #0 - SUBJECT ADDED ENTRY--TOPICAL TERM | |
| Topical term or geographic name entry element | Mathematicians |
| Form subdivision | Fiction. |
| 9 (RLIN) | 10898 |
| 856 42 - ELECTRONIC LOCATION AND ACCESS | |
| Materials specified | Publisher description |
| Uniform Resource Identifier | <a href="http://www.loc.gov/catdir/enhancements/fy0711/2007009061-d.html">http://www.loc.gov/catdir/enhancements/fy0711/2007009061-d.html</a> |
| 856 42 - ELECTRONIC LOCATION AND ACCESS | |
| Materials specified | Contributor biographical information |
| Uniform Resource Identifier | <a href="http://www.loc.gov/catdir/enhancements/fy0711/2007009061-b.html">http://www.loc.gov/catdir/enhancements/fy0711/2007009061-b.html</a> |
| 906 ## - LOCAL DATA ELEMENT F, LDF (RLIN) | |
| a | 7 |
| b | cbc |
| c | orignew |
| d | 1 |
| e | ecip |
| f | 20 |
| g | y-gencatlg |
| 942 ## - ADDED ENTRY ELEMENTS (KOHA) | |
| Source of classification or shelving scheme | |
| Koha item type | Book |
| Withdrawn status | Lost status | Source of classification or shelving scheme | Damaged status | Not for loan | Permanent Location | Current Location | Shelving location | Date acquired | Cost, normal purchase price | Total Checkouts | Full call number | Barcode | Date last seen | Date last checked out | Copy number | Price effective from | Koha item type |
|---|---|---|---|---|---|---|---|---|---|---|---|---|---|---|---|---|---|
| Central Library (CL) | Central Library (CL) | Fiction | 03/07/2017 | 0.00 | 1 | 823 LEA | CL27 | 01/26/2026 | 12/09/2025 | 1 | 03/07/2017 | Book |
